Les joueurs les plus utilisés par Tottenham - Statistiques

Statistiques générales
  • Ce quiz a été pris 46 fois
  • Le résultat moyen est 6 sur 10
Statistiques - réponses
Joueurs % Correct
3. Son
97%
1. Vicario
67%
2. Porro
62%
9. Bissouma
56%
8. Maddison
56%
7. Sarr
56%
5. Udogie
54%
6. Van de Ven
54%
4. Kulusevski
46%
10. Johnson
44%
Aucun quiz correspondant
Distribution des résultats
% des personnes avec chaque résultat
Percentile par nombre de réponses
Votre historique - résultats
Vous n’avez pas pris ce quiz